000 00637nam a2200253Ia 4500
005 20260121155414.0
008 008 260114s9999 xx 000 0 eng d
020 _a9780367278632
037 _aEBOOK
040 _aCRL
040 _beng
040 _cCRL
041 _2eng
041 _aeng
084 _qCRL
100 _a Rex V. Brown; Karen Brown; Jonathan Baron
_91019100
245 4 _aThe Art and Science of Making Up Your Mind
260 _bTaylor and Francis
260 _c2020
856 _uhttp://www.taylorfrancis.com/books/9780367278632
942 _cEBOOK
999 _c1585919
_d1585919